000 00608cam a22002053a 4500
001 37214
003 PGUSA
005 20140828083821.0
008 110825s2011||||xxu|||||s|||||000 | eng d
040 _aPGUSA
_beng
042 _adc
100 1 _aStephens, James,
_d1882-1950
245 1 4 _aThe Adventures of Seumas Beg :
_bThe Rocky Road to Dublin
_h[electronic resource] /
_cJames Stephens
260 _bProject Gutenberg,
_c2011
506 _aPublic domain in the USA.
516 _aElectronic text
830 0 _aProject Gutenberg
_v37214
856 4 0 _uhttp://www.gutenberg.org/ebooks/37214
942 _cEB
999 _c266468
_d266468